Datum a čas kvízu
13.5
Celkem bodů
Celkový počet nahraných bodů na tomto kvízu bez doplňovacích otázek.
13.
Pořadí na kvízu
Konečné umístění týmu na tomto kvízu.
Zaznamenané odpovědi
| # | Otázka | Odpověď | Body | Výsledky |
|---|---|---|---|---|
| 1. | Jak se jmenuje muž, který byl... | 0 | ||
| 2. | Americká Federální komise pro... | 0 | ||
| 3. | V nové české komedii s Jiřím L... | 1 | ||
| 4. | Společnost Coca-Cola je první... | 0 | ||
| 5. | Cristiano Ronaldo dostal svou... | 0 | ||
| 5. | Díváme se na legendární užitko... | 0 | ||
| 5. | O Ferdinandovi Porsche, zaklad... | 0 | ||
| 5. | Kim Čong-Il, Adolf Hitler, Idi... | 0 | ||
| 5. | Určitě si vybavíte, jak vypadá... | 0 | ||
| 5. | Opel je součástí skupiny Group... | 0 |